LEADER 02158nam 2200565 a 450 001 9910453090803321 005 20200520144314.0 010 $a0-7022-4052-4 035 $a(CKB)2550000001135339 035 $a(EBL)511767 035 $a(OCoLC)609861688 035 $a(MiAaPQ)EBC511767 035 $a(Au-PeEL)EBL511767 035 $a(CaPaEBR)ebr10415717 035 $a(CaONFJC)MIL535047 035 $a(EXLCZ)992550000001135339 100 $a20060628d2005 uy 0 101 0 $aeng 135 $aur|n|---||||| 200 10$aCatalyst$b[electronic resource] $ethe power of the media and the public to make change /$fMadonna King 210 $aSt Lucia, Qld. $cUniversity of Queensland Press$d2005 215 $a1 online resource (207 p.) 300 $aDescription based upon print version of record. 311 $a0-7022-3507-5 311 $a1-306-03796-4 327 $aCover; Title Page ; Copyright; Contents ; INTRODUCTION; WHAT VALUE A LIFE?; WHEN IS BEING DRUNK AN EXCUSE?; WHO LISTENS TO GRANDMA?; WHAT ABOUT THE VICTIMS?; DOES IGNORANCE EXCUSE MURDER?; WHEN DOES LIFE REALLY BEGIN?; WHO CARES FOR THE CHILDREN?; IS GANG RAPE AS BAD AS MURDER?; WHEN SHOULD A PRISONER BE FREE?; WHO'S COVERING UP HERE?; IS MANDATORY JAIL THE ANSWER?; ACKNOWLEDGMENTS 517 3 $aPower of the media and the public to make change 606 $aMass media$xPolitical aspects$zAustralia 606 $aPolitical culture$zAustralia 606 $aMass media$xAudiences 606 $aMass media$xInfluence 606 $aLaw reform$zAustralia 606 $aJustice, Administration of$zAustralia 607 $aAustralia$xPolitics and government$y1945- 608 $aElectronic books. 615 0$aMass media$xPolitical aspects 615 0$aPolitical culture 615 0$aMass media$xAudiences. 615 0$aMass media$xInfluence. 615 0$aLaw reform 615 0$aJustice, Administration of 676 $a302.230994 700 $aKing$b Madonna$0945076 801 0$bMiAaPQ 801 1$bMiAaPQ 801 2$bMiAaPQ 906 $aBOOK 912 $a9910453090803321 996 $aCatalyst$92199082 997 $aUNINA LEADER 02742nam 2200673 a 450 001 9910465736803321 005 20200520144314.0 010 $a9786611825911 010 $a0-19-971590-4 010 $a1-281-82591-3 035 $a(CKB)2560000000293994 035 $a(EBL)415816 035 $a(OCoLC)476245148 035 $a(SSID)ssj0000257218 035 $a(PQKBManifestationID)11193142 035 $a(PQKBTitleCode)TC0000257218 035 $a(PQKBWorkID)10246659 035 $a(PQKB)11379799 035 $a(StDuBDS)EDZ0000023137 035 $a(MiAaPQ)EBC415816 035 $a(Au-PeEL)EBL415816 035 $a(CaPaEBR)ebr10254396 035 $a(CaONFJC)MIL182591 035 $a(EXLCZ)992560000000293994 100 $a20071227d2008 uy 0 101 0 $aeng 135 $aurcn||||||||| 181 $ctxt 182 $cc 183 $acr 200 10$aTermites in the trading system$b[electronic resource] $ehow preferential agreements undermine free trade /$fJagdish Bhagwati 210 $aOxford ;$aNew York $cOxford University Press$d2008 215 $a1 online resource (160 p.) 300 $a"A Council on Foreign Relations book." 311 $a0-19-533165-6 311 $a0-19-985185-9 320 $aIncludes bibliographical references (p. [123]-125) and index. 327 $aProliferating preferential trade agreements -- Why has the pandemic broken out? -- Why PTAs are a pox on the world trading system -- What do we do now? -- Appendix -- Glossary. 330 $aJagdish Bhagwati, the internationally renowned economist who uniquely combines a reputation as the leading scholar of international trade with a substantial presence in public policy on the important issues of the day, shines here a critical light on Preferential Trade Agreements, revealing how the rapid spread of PTA's endangers the world trading system. Numbering by now well over 300, and rapidly increasing, these preferential trade agreements, many taking the form of Free Trade Agreements, have re-created the unhappy situation of the 1930's, when world trade was undermined by discriminatory 606 $aTariff preferences 606 $aTrade blocs 606 $aFree trade 606 $aCommercial policy 606 $aInternational trade 608 $aElectronic books. 615 0$aTariff preferences. 615 0$aTrade blocs. 615 0$aFree trade. 615 0$aCommercial policy. 615 0$aInternational trade. 676 $a382/.71 700 $aBhagwati$b Jagdish N.$f1934-$0120915 801 0$bMiAaPQ 801 1$bMiAaPQ 801 2$bMiAaPQ 906 $aBOOK 912 $a9910465736803321 996 $aTermites in the trading system$91015951 997 $aUNINA